Personnages historiques de la 2nde guerre mondiale et la guerre froide - Statistiques

Statistiques générales
  • Ce quiz a été pris 197 fois
  • Le résultat moyen est 5 sur 20
Statistiques - réponses
Description Réponses % Correct
Dictateur espagnol refusant de prendre parti au conflit Francisco Franco
88%
Homme politique qui invente le terme de "rideau de fer" lors du discours de Fulton Winston Churchill
64%
Martyr héroïque de ce dernier Jean Moulin
62%
"Boucher de Lyon" Klaus Barbie
56%
Président américain ayant démissionné à la suite du scandalede Watergate Richard Nixon
34%
Dictateur du Portugal Antonio de Oliveira Salazar
29%
Bras droit du maréchal Pétain durant le régime de Vichy Pierre Laval
28%
Il a pris le pouvoir suite à un coup d'Etat prononcé à l'encontrede Salvador Allende Augusto Pinochet
27%
Général américain ayant mené la guerre du Pacifique Douglas MacArthur
27%
Leader du syndicat anti communiste "Solidarnosc" en Pologne et futur président. Lech Walesa
13%
Dictateur communiste de la Yougoslavie Josip Broz Tito
7%
Ancien maire de Berlin et chancelier allemand, père de l'Ostpolitik Willy Brandt
7%
Chef d'Etat argentin ayant collaboré avec Franco. Juan Peron
6%
Chancelier allemand, réconciliateur du pacte franco-allemand Konrad Adenauer
6%
Dictateur menant la politique de "l'Estado Novo" au Brésil Getulio Vargas
4%
Dictateur s'étant fait fusiller à la télévision à la suite d'une révolte Nicolae Ceaușescu
3%
Devient président de la Russie à la suite de la Chute de L'URSS Boris Yeltsin
2%
Devient chef de l'Etat grec suite au coup d'état menant à ladictature des colonels Georgios Papadopoulos
2%
Premier dictateur communiste de la Tchéquie Klement Gottwald
2%
Prédécesseur de ce dernier à la tête du régime communiste polonais Wojciech Jaruzelski
0%
Aucun quiz correspondant
Distribution des résultats
% des personnes avec chaque résultat
Percentile par nombre de réponses
Votre historique - résultats
Vous n’avez pas pris ce quiz